000
00217nam a22000857a 4500
008
170616b xxu||||| |||| 00| 0 eng d
100
_9
3434
_a
Pranjape. R
245
_a
A story about water
260
_a
New Delhi
_b
N. B. T
_c
2009
999
_c
6809
_d
6809